书目信息 |
| 题名: |
用平底锅做甜点
|
|
| 作者: | 彭依莎 主编 | |
| 分册: | ||
| 出版信息: | 北京 中国纺织出版社 2019 |
|
| 页数: | 160页 | |
| 开本: | 24cm | |
| 丛书名: | ||
| 单 册: | ||
| 中图分类: | TS972.134 | |
| 科图分类: | ||
| 主题词: | 甜食--制作 | |
| 电子资源: | ||
| ISBN: | 978-7-5180-6098-6 | |
| 000 | 00734nam0 2200217 450 | |
| 001 | 2370884441 | |
| 005 | 20230925194134.38 | |
| 010 | @a978-7-5180-6098-6@dCNY49.80 | |
| 100 | @a20200622d2019 em y0chiy50 ea | |
| 101 | 0 | @achi |
| 102 | @aCN@b110000 | |
| 105 | @aa z 000yy | |
| 200 | 1 | @a用平底锅做甜点@Ayong ping di guo zuo tian dian@f彭依莎主编 |
| 210 | @a北京@c中国纺织出版社@d2019 | |
| 215 | @a160页@c彩图@d24cm | |
| 330 | @a本书共分7章,包括一把平底锅做出美味甜点、口感酥脆的饼干、一吃就上瘾的蛋糕、松软可口的面包、百度香酥的挞&派、梦幻的薄饼&松饼等内容。 | |
| 606 | 0 | @a甜食@x制作 |
| 690 | @aTS972.134@v5 | |
| 701 | 0 | @a彭依莎@Apeng yi sha@f(199?-)@4主编 |
| 801 | 0 | @aCN@b安徽时代@c20230923 |
| 905 | @aBZT@dTS972.134@e12 | |
| 用平底锅做甜点/彭依莎主编.-北京:中国纺织出版社,2019 |
| 160页:彩图;24cm |
| ISBN 978-7-5180-6098-6:CNY49.80 |
| 本书共分7章,包括一把平底锅做出美味甜点、口感酥脆的饼干、一吃就上瘾的蛋糕、松软可口的面包、百度香酥的挞&派、梦幻的薄饼&松饼等内容。 |
| ● |
| 相关链接 |
|
|
|
正题名:用平底锅做甜点
索取号:TS972.134/12
 
预约/预借
| 序号 | 登录号 | 条形码 | 馆藏地/架位号 | 状态 | 备注 |
| 1 | 2000934913 | 2000934913 | 第四书库/四28架A面1层4列/ [索取号:TS972.134/12] | 在馆 | |
| 2 | 2000934914 | 2000934914 | 第四书库/四28架A面1层4列/ [索取号:TS972.134/12] | 在馆 | |
| 3 | 2000934915 | 2000934915 | 第四书库/四28架A面1层4列/ [索取号:TS972.134/12] | 在馆 | |
| 4 | 2000934916 | 2000934916 | 第四书库/四28架A面1层4列/ [索取号:TS972.134/12] | 在馆 | |
| 5 | 2000934917 | 2000934917 | 第四书库/四28架A面1层4列/ [索取号:TS972.134/12] | 在馆 | |
| 6 | 2000934918 | 2000934918 | 第四书库/四28架A面1层4列/ [索取号:TS972.134/12] | 在馆 |